Blázon na kopci

Bibliographic Details
Corporate Author: Beatles (hudobná skupina) (Author)
Other Authors: Navrátil, Igor, 1952- (Translator), Peteraj, Kamil, 1945- (Translator)
Format: Article
Language:Slovak
Subjects:

MARC

LEADER 00000nab a2200000 a 4500
001 vtls000004696
003 SK-MaSNL
005 20260304074626.0
008 250423c1978 xo 0 slo
015 |a SNBRB19rr/mm-uuuuu 
035 |a CL0014789 
035 |a urn:nbn:sk:snk-abb6tz 
035 |a (urnnbn)urn:nbn:sk:snk:ar-00485j 
035 |a (uuid)ca3a88b6-8099-46e4-ae5d-606bca1eb92a 
040 |a SNKBUCL  |b slo  |c SNKBUCL  |e AACR2 
041 0 |a slo 
044 |a xo  |c SK 
080 |a 820-1:785.16  |2 1981 
080 |a 785.16  |2 1981 
110 2 |a Beatles (hudobná skupina)  |4 aut  |9 31999 
245 0 0 |a Blázon na kopci  |c Beatles 
650 0 7 |a populárne piesne  |2 snkbucl  |9 3446 
650 0 7 |a outsideri spoločnosti  |2 snkbucl  |9 1364324 
650 0 7 |a nonkonformizmus  |2 snkbucl  |9 763617 
650 0 7 |a bohémstvo  |2 snkbucl  |9 4953 
655 7 |a články z novín a časopisov  |2 snkbucl  |9 267496 
655 7 |a články z odboru literárna veda a krásna literatúra  |2 snkbucl  |9 770045 
700 1 |a Navrátil, Igor,  |d 1952-  |4 trl  |9 208891 
700 1 |a Peteraj, Kamil,  |d 1945-  |4 trl  |9 198049 
773 0 |t Revue svetovej literatúry  |g Roč. 14, č. 4 (1978), s. 121 
850 |a Slovenská národná knižnica 
852 |a Slovenská národná knižnica 
958 |a article15 
958 |a RK 
958 |a LX 
958 |a OND 
958 |a EUIPO 
999 |c 2777091  |d 2779021